000 00381nam a2200145Ia 4500
008 231129s2013||||xx |||||||||||||| ||spa||
020 _a978-84-322-5089-7
040 _bspa
082 _a839.73 L334s
100 _aLarsson Asa
245 0 _aSangre derramada
260 _c2013
264 _aBarcelona EspaƱa : Seix Barral
942 _2ddc
_cBKS
999 _c24315
_d24315